| 000 | 00476nam a2200181Ia 4500 | ||
|---|---|---|---|
| 005 | 20250423100626.0 | ||
| 008 | 250422s9999 xx 000 0 und d | ||
| 020 | _a9781597267021 | ||
| 050 | _aQH 541.15 .L35 .B43/ | ||
| 100 | _aBeck, Travis | ||
| 245 | 0 | _aPrinciples of ecological landscape design | |
| 260 | _aWashington, DC | ||
| 260 | _bIsland Press | ||
| 260 | _c2013 | ||
| 300 | _a80 p | ||
| 650 | _aEcological landscape design. Ecosystem health. | ||
| 942 | _cBK | ||
| 999 |
_c33868 _d33868 |
||